01150nas a2200289Ia 4500001002700000003001000027008004100037040002500078041001300103100002000116210001500136222001500151240008100166245008100247250001100328260000900339501012300348300001600471362003000487500006100517650002700578700001100605942000700616957000600623999003200629952019900661A50/R188-7979 [r000005199]IT-MiCISF161014c99999999xx |||||||||||| ||und|| aIT-MiCISFcIT-MiCISF aFRANCESE aLagrange Hugues aPopulation aPopulation aLe nombre de partenaires sexuels: les hommes en ont-ils plus que les femmes? 0aLe nombre de partenaires sexuels: les hommes en ont-ils plus que les femmes? a1a ed. c1991 bCISF - Centro Internazionale Studi Famiglia - Via Giotto, 36 20145 MILANO (non commercial uses only)cCopyright 2016 app. 249-278 an. 2, marzo-aprile [1991] a Tema: sessualità€, comportamento-sessuale, uomo, donna asessualità€varticolo aAA.VV. cCR 71 a7979bSig1c234036d234036 0010406A_50_000000000000000_R1887979_R00000519971aCISFbCISFd2016-10-14l0oA50/R188-7979 [r000005199]r2016-10-14 00:00:00w2016-10-14yCRzData import 15.10.2016 / by Epidotti, Vaglietti